000 00508nam a2200217Ia 4500
003 OSt
005 20221005123906.0
006 a|||||r|||| 00| 0
007 ta
008 221004b |||||||| |||| 00| 0 kan d
024 _a45943
037 _cTextual
040 _aCRL
_cCRL
_bkan
041 _2kan
_akan
082 _aQ2,4x1:1, 33K9
100 _aManu
245 0 _aManasthuthi
650 _aRELIGION
942 _hQ2,4x1:1, 33K9
_cTEXL
_2cc
999 _c1048814
_d1048814